NBA Players with 3 or more Finals MVPs - Statistics

General Stats
  • This quiz has been taken 1,272 times
  • The average score is 4 of 5
Answer Stats
# of MVP's Player % Correct
6 Michael Jordan
98%
3 Lebron James
94%
3 Magic Johnson
80%
3 Tim Duncan
64%
3 Shaq O'neal
60%
No matching quizzes found
Score Distribution
Percent of People with Each Score
Percentile by Number Answered
Your Score History
You have not taken this quiz